00247nam a22000977a 4500003000500000038001200005082001700017245003000034260006800064300001700132NUST amsohail a621.406bNAC aBlading Aggregate Surface aUSAbNational Association of Counties Research Foundationc1974 a54, p:c27cm